| 000 | 00497nam a22001577a 4500 | ||
|---|---|---|---|
| 005 | 20240205073551.0 | ||
| 008 | 231205b |||||||| |||| 00| 0 eng d | ||
| 020 | _a9781485150770 | ||
| 041 | _aEnglish | ||
| 100 | _lEnglish | ||
| 245 |
_aJuta's Statutes of South Africa / _cedited by JUTA'S STATUTES EDITORS |
||
| 260 |
_aCape Town : _bJuta and Company (Pty) Ltd, _c2022/23 |
||
| 300 |
_b268 pages ; _c26 cm. |
||
| 650 |
_aLegal practice _bLaw |
||
| 942 |
_cBK _6ALISON_BN_VRIES |
||
| 999 |
_c1129 _d1129 |
||